00823cam a2200229 a 4500001001000000003000900010005001700019008004100036010001300077020002000090040003500110043001200145050002600157082001600183100002500199245004400224260004600268300002100314856009600335856007400431856008800505000004101DO-SdBNP20250702094022.0980219s1998 nyu 000 1 eng  a98013064 a0684835959 (hc) aDO-SdBNPcDLCdDLCdOCoLCdDLC an-us-ny00aPS3553.L287bY68 199800a813/.542211 aClark, Mary Higgins.10aYou belong to me /cMary Higgins Clark. aNew York, NY :bSimon & Schuster,cc1998. a317 p. ;c25 cm.423Contributor biographical informationuhttp://www.loc.gov/catdir/bios/simon053/98013064.html413Sample textuhttp://www.loc.gov/catdir/samples/simon031/98013064.html423Publisher descriptionuhttp://www.loc.gov/catdir/description/simon033/98013064.html